000 00744cam a2200205 a 4500
001 000005100
005 20200929151559.0
008 810903s1958 pr 000 p spa d
040 _aDO-SdBNP
_cCarP
_dDLC
_dBNPHU
082 _aPR861.44
_bJ64c
100 1 _aJoglar Cacho, Manuel,
_d1898-1984
_914630
245 1 0 _aCanto a los ángeles /
_cM. Joglar Cacho.
260 _a[San Juan, Puerto Rico] :
_bAtenco Puertorriqueño,
_c1958.
300 _a69 p. ;
_c20 cm.
586 _aPremiado por el Eteneo Puertorriqueño en el certamen de poesía auspiciado por el Festival de Navidad 1957.
650 4 _aPoesía puertorriqueña
_91015
650 4 _aLiteratura puertorriqueña
_ySIGLO XX
_95311
910 _aCatalogación derivada/ LC
049 _aBNGR
999 _c4903
_d4903